| 000 | 00969nam a2200253Ia 4500 | ||
|---|---|---|---|
| 003 | OSt | ||
| 005 | 20221005112221.0 | ||
| 006 | a|||||r|||| 00| 0 | ||
| 007 | ta | ||
| 008 | 221004b |||||||| |||| 00| 0 pan d | ||
| 020 |
_a9788171435760 (hbk) _c125 |
||
| 024 | _a2483 | ||
| 037 |
_b693, 16/01/2013, Bright Book Service _cTextual |
||
| 040 |
_aCRL _cCRL _bpan |
||
| 041 |
_2pan _apan |
||
| 082 | _aO153,3M97:g, Q2 | ||
| 100 | _aਕੌਰ, ਕੰਵਲਪ੍ਰੀਤ, ਥਦ. | ||
| 245 | 0 |
_aਨਾਨਕ ਸਿੰਘ ਦੇ ਪੰਜ ਨਾਵਲ _b ਅਧਿਐਨ ਤੇ ਵਿFਲੇFਣ |
|
| 260 |
_aਅੰਮ੍ਰਿਤਸਰ _bਰਵੀ ਸਾਹਿਤ ਪ੍ਰਕਾFਨ ਭਾਰਤ _c2012 |
||
| 300 |
_a120ਪੰ _ccm. |
||
| 650 | _aਪੰਜਾਬੀ ਸਾਹਿਤ | ||
| 942 |
_hO153,3M97:g, Q2 _cTEXL _2cc |
||
| 999 |
_c1024222 _d1024222 |
||